000 00440pab a2200157 454500
008 180718b2004 xxu||||| |||| 00| 0 eng d
100 _aDavis, Howard
245 _aFrom community government to communitarian partnership? Approaches to devolution in Birmingham
260 _c2004
300 _ap.182-95.
362 _aSummer
650 _aLocal government
700 _aDaly, Guy
773 _aLocal Government Studies
909 _a63123
999 _c63123
_d63123